000
00293nam a2200133 a 4500
005
20140513081051.0
008
030203s19uu xx 00 eng d
020
_a
1-919336-19-0
050
_a
P 551.6
_b
WEA 2000
245
_a
Weather.
300
_a
Poster
999
_c
116355
_d
116355